00287nam a22000737a 4500100002800000245012700028260004900155300000900204 aWeeraratna,Hasini Chaya aExtensive study of the Graduaship Programme in Chemistry of the College of Chemical Sciences Institute of Chemistry Ceylon aColombobInstitute of Chemistry Ceylonc2012 a69 p